Επαγγελματικός προσανατολισμός : θεωρία - πράξη - σύγχρονα προβλήματα
Saved in:
| Main Author: | |
|---|---|
| Format: | Book |
| Language: | Greek |
| Published: |
Αθήνα :
Gutenberg,
1983
|
| Edition: | 2η εκδ. |
| Subjects: | |
| Tags: |
Add Tag
No Tags, Be the first to tag this record!
|
MARC
| LEADER | 00000nam a2200000 i 4500 | ||
|---|---|---|---|
| 001 | 1/22296 | ||
| 008 | 961008s1983 gre d | ||
| 035 | |a 1987 |b 1 |c Τσιάκαλος |l 10036522 | ||
| 040 | |a GR-MY-UA |b gre |e aacr | ||
| 041 | 0 | |a gre | |
| 082 | 0 | |a 371.425 | |
| 100 | 1 | |a Κωστάκος, Γεώργιος. | |
| 245 | 1 | 0 | |a Επαγγελματικός προσανατολισμός : |b θεωρία - πράξη - σύγχρονα προβλήματα / |c Γεωργίου Αθ. Κωστάκου |
| 250 | |a 2η εκδ. | ||
| 260 | |a Αθήνα : |b Gutenberg, |c 1983 | ||
| 300 | |a 184 σ. | ||
| 650 | 0 | 0 | |a Vocational guidance |z Greece. |
| 852 | |a INST |b RHODES |e 19961008 |h 371.425 ΚΩΣ |p 005400000108 |q 005400000108 |t BK |y 4 |x 20200217 | ||
| 909 | |a Ρ |b 006598 |c 1987 | ||
| 970 | |z 2000/06/ΚΑΤΕΡΙΝΑ | ||